Contemporary discourse (Record no. 94746)
[ view plain ]
| 000 -LEADER | |
|---|---|
| fixed length control field | 00425nam a22001457a 4500 |
| 005 - DATE AND TIME OF LATEST TRANSACTION | |
| control field | 20150708164450.0 |
| 008 - FIXED-LENGTH DATA ELEMENTS--GENERAL INFORMATION | |
| fixed length control field | 150708b xxu||||| |||| 00| 0 eng d |
| 022 ## - INTERNATIONAL STANDARD SERIAL NUMBER | |
| International Standard Serial Number | 0976-3686 |
| 245 ## - TITLE STATEMENT | |
| Title | Contemporary discourse |
| 260 ## - PUBLICATION, DISTRIBUTION, ETC. (IMPRINT) | |
| Place of publication, distribution, etc | Thane |
| Name of publisher, distributor, etc | De. Madhavi Sudhir Nikam |
| 300 ## - PHYSICAL DESCRIPTION | |
| Extent | v. |
| Dimensions | 21 cm |
| 310 ## - CURRENT PUBLICATION FREQUENCY | |
| Current publication frequency | Half-Yearly |
| 270 ## - ADDRESS | |
| City | Thane |
| Postal code | 421301 |
| Address | A-2,503,Punyodaya Park,Adharwadi,Kalyan(West) |
| Country | India |
| 942 ## - ADDED ENTRY ELEMENTS (KOHA) | |
| Source of classification or shelving scheme | Dewey Decimal Classification |
| Item type | Periodicals |
| Serial record | 1 |
| Classification part | CON |
| Withdrawn status | Lost status | Source of classification or shelving scheme | Damaged status | Not for loan | Collection code | Home library | Current library | Date acquired | Source of acquisition | Total Checkouts | Full call number | Date last seen | Price effective from | Koha item type |
|---|---|---|---|---|---|---|---|---|---|---|---|---|---|---|
| Dewey Decimal Classification | Not For Loan | Non-fiction | D.B.Act.Division | D.B.Act.Division | 08/07/2015 | DBAD/PUB | CON | 08/07/2015 | 08/07/2015 | Periodicals |
